25 biggest cities in the Baltics by flags - Statistics

General Stats
  • This quiz has been taken 62 times
  • The average score is 9 of 25
Answer Stats
Picture Answer % Correct
Riga
90%
Tallinn
76%
Vilnius
76%
Kaunas
57%
Jelgava
52%
Tartu
52%
Klaipėda
48%
Liepāja
48%
Daugavpils
43%
Jūrmala
43%
Panevėžys
43%
Šiauliai
43%
Narva
38%
Pärnu
29%
Kohtla-Järve
24%
Utena
24%
Ventspils
24%
Marijampolė
19%
Ogre
19%
Jonava
14%
Mažeikiai
14%
Jēkabpils
5%
Kėdainiai
5%
Rēzekne
5%
Valmiera
5%
No matching quizzes found
Score Distribution
Percent of People with Each Score
Percentile by Number Answered
Your Score History
You have not taken this quiz